| Tag |
First Indicator |
Second Indicator |
Subfields |
| LEADER |
00000cam a2200000 4500 |
| 001 |
in00000095860 |
| 005 |
20150925085806.0 |
| 008 |
721113s1963 eng u |
| 010 |
|
|
|a 63020864
|
| 035 |
|
|
|a (OCoLC)00492581
|
| 035 |
|
|
|9 AAL2083AM
|
| 040 |
|
|
|c BGU
|d TXA
|d UtOrBLW
|
| 049 |
|
|
|a TXAM
|c [404891]
|
| 090 |
|
|
|a TK5101
|b .G25
|
| 100 |
1 |
|
|a Gallager, Robert G.
|
| 245 |
1 |
0 |
|a Low-density parity-check codes.
|
| 264 |
|
1 |
|a Cambridge :
|b M. I. T. Press,
|c 1963.
|
| 300 |
|
|
|a ix, 102 pages :
|b illustrations ;
|c 25 cm.
|
| 336 |
|
|
|a text
|b txt
|2 rdacontent
|
| 337 |
|
|
|a unmediated
|b n
|2 rdamedia
|
| 338 |
|
|
|a volume
|b nc
|2 rdacarrier
|
| 490 |
1 |
|
|a M.I.T. Press research monographs
|
| 500 |
|
|
|a Revision of thesis, Massachusetts Institute of Technology.
|
| 504 |
|
|
|a Bibliography: pages 100-101.
|
| 650 |
|
0 |
|a Telecommunication.
|
| 650 |
|
0 |
|a Information theory.
|
| 830 |
|
0 |
|a M.I.T. Press research monographs.
|
| 999 |
|
|
|a MARS
|
| 999 |
f |
f |
|s a580cb1b-61a5-3387-8ea4-e3114ce7839e
|i 5ab16692-2336-3451-a2b3-ccc625f0b99a
|t 0
|
| 952 |
f |
f |
|p ric
|a Texas A&M University
|b Rellis Campus
|c Joint Library Facility
|d Remote Storage
|t 0
|e TK5101 .G25
|h Library of Congress classification
|i unmediated -- volume
|m A14824962205
|
| 998 |
f |
f |
|a TK5101 .G25
|t 0
|l Remote Storage
|